| 000 | 00574aam a2200241 4500 | ||
|---|---|---|---|
| 005 | 20240509141304.0 | ||
| 008 | 150605b xxu||||| |||| 00| 0 spa d | ||
| 020 | _a9789962030347 | ||
| 041 | _aESP | ||
| 082 | _a745.594.2 P259b | ||
| 100 | _aParra Rodríguez, María Cristina | ||
| 245 | _aBisutería artesanal y ecológica | ||
| 260 | _aChina | ||
| 260 | _bLexus | ||
| 260 | _c2011 | ||
| 300 | _a198 páginas | ||
| 650 | _aDISEÑO | ||
| 650 | _aMANUALIDADES | ||
| 650 | _aJOYERÍAS | ||
| 650 | _aCONFECCIÓN DE JOYAS | ||
| 942 |
_cBK _2ddc |
||
| 999 |
_c2637 _d2637 |
||